000 00481cam a2200145 4500500
005 20251012021644.0
041 _afre
042 _adc
100 1 0 _aKoller, Sylvie
_eauthor
245 0 0 _aAlexandre Bande Auschwitz 1945 Passés / Composés, 2025, 144 pages, 16 €.
260 _c2025.
500 _a15
786 0 _nÉtudes | Avril | 4 | 2025-03-24 | p. 133-133 | 0014-1941
856 4 1 _uhttps://shs.cairn.info/revue-etudes-2025-4-page-133?lang=fr&redirect-ssocas=7080
999 _c1539003
_d1539003